Boxing Super-Middleweight Champions by Picture - Statistics

General Stats
  • This quiz has been taken 109 times
  • The average score is 22 of 66
Answer Stats
Picture Hint Answer % Correct
2018-2019 | 2020-Present Canelo Alvarez
94%
1988-1990 Sugar Ray Leonard
86%
1991-1995 Chris Eubank
83%
1997-2008 Joe Calzaghe
80%
2009-2015 Andre Ward
75%
2008-2010 | 2010-2011 | 2012-2015 Carl Froch
75%
1994-1996 Roy Jones Jr.
72%
1988-1990 Thomas Hearns
70%
2019-2021 Billy Joe Saunders
69%
1992-1996 Nigel Benn
69%
2018-2020 Callum Smith
64%
1993-1994 James Toney
63%
2019-2021 Caleb Plant
59%
2012-2013 | 2014-2016 Arthur Abraham
58%
2017-2018 George Groves
58%
1995-1997 Steve Collins
58%
2015-2017 Badou Jack
56%
2004-2007 | 2008-2009 | 2012-2013 Mikkel Kessler
55%
2015-2017 | 2018 James DeGale
44%
1992-1993 Iran Barkley
42%
2017-2018 | 2019-2020 David Benavidez
39%
2018 Rocky Fielding
36%
2014-2015 | 2019 Anthony Dirrell
34%
2016-2019 Gilberto Ramírez
34%
2007-2012 Lucian Bute
34%
1992-1994 Michael Nunn
34%
1996-1997 Robin Reid
33%
1998-1999 Richie Woodhall
28%
2004-2006 Jeff Lacy
27%
2003-2004 | 2007-2008 Anthony Mundine
25%
2021-Present David Morrell
23%
1998-2004 Sven Ottke
23%
1996 | 1997-1998 Thulani Malinga
23%
1991-1992 Darrin Van Horn
22%
1996 Vincenzo Nardiello
20%
1984 Murra Sutherland
19%
2017-2018 Caleb Truax
17%
2015-2016 Fedor Chudinov
17%
2016 Felix Sturm
17%
1988-1990 Graciano Rocchigiani
17%
1984-1988 Park Chong-pal
17%
1989-1990 Baek In-chul
16%
1990-1991 Christophe Tiozzo
16%
2016 Giovanni De Carolis
16%
2000 Glenn Catley
16%
1999-2000 | 2003-2004 | 2004-2006 Markus Beyer
16%
1990-1992 Mauro Galvano
16%
2013-2014 Sakio Bika
16%
2004 Cristian Sanavia
14%
1988-1989 Fulgencio Obelmejias
14%
1991-1992 Víctor Córdoba
14%
2012 Brian Magee
13%
1997-1998 Charles Brewer
13%
1990-1991 Lindell Holmes
13%
2016-2018 Tyron Zeuge
13%
2009-2012 | 2013-2014 Robert Stieglitz
11%
1999-2000 | 2001-2003 Byron Mitchell
9%
1994-1999 Frankie Liles
9%
1994 Steve Little
9%
2000-2001 Dave Hilton Jr.
8%
2008-2009 Denis Inkin
8%
2001-2003 Éric Lucas
8%
2007 Alejandro Berrio
6%
2009-2011 Dimitri Sartison
6%
2009 | 2011-2012 Károly Balzsay
6%
2004 Manny Siaca
6%
No matching quizzes found
Score Distribution
Percent of People with Each Score
Percentile by Number Answered
Your Score History
You have not taken this quiz